00945 2200337 4500001002100000005001500021035002000036007000300056040001700059100003100076245008800107250001000195300003900205020002200244041000800266082001200274084001800286090002100304264003500325336002100360337003000381338002300411650001400434850001000448008004100458504002500499500002000524990002100544990002100565990002100586INLIS00000000000614220260419121031 a0010-0322000386ta aSBPUPADbInd0 aGatot SupramonoePengarang1 aPerbankan Dan Masalah Kredit :bSuatu Tinjauan Di Bidang yuridis /cGatot Supramono acet.1 axvi, 515 hal. :billus. ;c23,5 cm a978-979-518-979-40 aInd a346.082 a346.082 GAT p a346.07 ABD h 8-5 aJakarta :bRineka Cipta,c2009 2rdacontentaTeks 2rdamediaaTanpa Perantara 2rdacarrieravolume 4aPerbankan aPUPAD260419 0  aBibliografi, hlm 340 aIndeks, Hlm 510 a434/BR/KAPD/2011 a433/BR/KAPD/2011 a435/BR/KAPD/2011